[Event "Biel GM"]
[Site "Biel"]
[Date "2007.07.31"]
[Round "7"]
[White "Van Wely, Loek"]
[Black "Radjabov, Teimour"]
[Result "0-1"]
[WhiteElo "2680"]
[BlackElo "2746"]
[Annotator "Radjabov,T"]
[PlyCount "72"]
[EventDate "2007.07.23"]
[EventType "tourn"]
[EventRounds "9"]
[EventCountry "SUI"]
[EventCategory "18"]
[SourceTitle "CBM 120"]
[Source "ChessBase"]
[SourceDate "2007.10.02"]
[SourceVersion "1"]
[SourceVersionDate "2007.10.02"]
[SourceQuality "1"]

1. d4 Nf6 2. c4 g6 3. Nc3 Bg7 4. e4 d6 5. Nf3 O-O 6. Be2 e5 7. O-O Nc6 8. d5
Ne7 9. b4 Nh5 10. Re1 f5 11. Ng5 Nf6 12. f3 Kh8 13. Ne6 {It's the fourth time
this move is played in our theoretical discussion with van Wely. The first
encounter in Khanty is full of good memories for my opponent! But the three
latest encounters in 2007 are nice to remember for me. Dies war das vierte Mal,
dass dieser Zug in meiner theoretischen Diskussion mit van Wely aufs Brett kam.
Die erste Begegnung in Khanty wird für meinen Gegner noch voller guter
Erinnerungen sein, an die letzten drei Duelle im Jahr 2007 denke wiederum ich
gern zurück.} Bxe6 14. dxe6 Nh5 $5 15. c5 {With Bc4 next protecting the e6
pawn. Now Black is going to activate his pieces as otherwise White may gain
the initiative. Will als nächstes mit Bc4 den e6-Bauern decken. Nun muss
Schwarz seine Figuren aktivieiren, denn ansonsten könnte Weiß die Initiative
erlangen.} Nf4 16. Bc4 fxe4 17. Rxe4 {An exchange sacrifice. All these moves
we have seen in our encounter in Monaco this year, where I made the same move
as in the game. Many moves are possible at this stage for Black but I wanted
to attack e6 as I did in Monaco also! So... Ein Qualitätsopfer. All diese Züge
sah man auch in unserer diesjährigen Begegnung in Monaco, wo ich denselben Zug
spielte wie in der Partie. In dieser Phase sind viele Fortsetzungen für
Schwarz möglich, aber ich ich wollte a6 angreifen, wie ich es auch in Monaco
getan hatte! Also...} Nf5 $5 {Now after this we are in our blindfold encounter
in Monaco, van Wely played 18.Bxf4 and after 18...exf4 19.Nd5 Re8 all the
complications went well for Black and I won the game. Danach landen wir in
unserer Blindpartie in Monaco; van Wely spielte dort 18.Bxf4, und nach 18...
exf4 19.Nd5 Re8 liefen alle Komplikationen gut für Schwarz , und ich gewann.}
18. g3 $5 Nh3+ {Check!!! Already pleasant! Schach!!! Schon angenehm!} 19. Kg2
Ng5 20. Rg4 {Van Wely was still in his preparation here. It's not hard to see
how strange and complicated the position is, so his thoughts before going 20.
Rg4 were mostly concentrated on checking if everything works. Van Wely befand
sich noch immer in seiner Vorbereitung. Man kann unschwer erkennen, wie
seltsam und kompliziert diese Stellung ist; daher konzentrierten sich seine
Gedanken vor der Ausführung von 20.Rg4 in erster Linie darauf zu prüfen, ob
alles funktioniert.} (20. Bxg5 Qxg5 21. Nd5 c6 $5 22. cxd6 (22. e7 Rfc8 $17)
22... Nxd6 (22... cxd5 23. Qxd5 Ne3+ 24. Rxe3 Qxe3 25. e7 $16) 23. Rg4 Qh6 (
23... Qxg4 24. fxg4 Nxc4 25. Kh3 $14 Rae8) 24. e7 cxd5 (24... Rfc8 25. Nb6 $1)
25. exf8=Q+ Rxf8 26. Qxd5 Nf5 (26... e4 27. Rf4 Nxc4 28. Rxf8+ Bxf8 29. Qxc4
Qd2+ 30. Kh1 exf3 31. Rg1 $14) 27. Re4 Ne3+ 28. Rxe3 Qxe3 29. Rd1 b6 $13 (29...
Qc3 $5)) (20. e7 Qxe7 21. Nd5 Qd8 22. Bxg5 Qxg5 23. Nxc7 Ne3+ 24. Rxe3 Qxe3 25.
Nxa8 e4 $1 26. f4 Rxa8 (26... Qf3+ 27. Kh3 $16) (26... dxc5 27. Nc7 Bxa1 28.
Qxa1+ Qd4 29. Qxd4+ cxd4 30. Ne6 Rc8 31. Bb3 d3 32. Nc5 Re8 33. Kf2 e3+ 34. Ke1
$14) 27. cxd6 Rd8 $13 28. Bf1 (28. Rc1 Rxd6 29. Qxd6 Qf3+ $11) 28... g5 $1 (
28... Bd4 29. Rc1 Rxd6 30. Rc8+ Kg7 31. Rc7+ Kh6 $5 (31... Kh8 32. Qe2 Rd5 (
32... Qg1+ 33. Kh3 Rd5 34. Bg2 Rh5+ 35. Kg4 $16) 33. Qxe3 Bxe3 34. Rxb7 Rd2+
35. Kh3 Bg1 36. Re7 Rxh2+ 37. Kg4 Rxa2 38. Rxe4 Ra3 $11) 32. Qe2 Qxe2+ (32...
Qg1+ 33. Kh3 Be3 34. Kg4 $14) 33. Bxe2 Be3 34. Rxb7 Rd2 35. Kf1 Rb2 $1 $11) 29.
fxg5 Qf3+ $11 30. Kh3 Qf5+ 31. Kh4 $4 (31. Kg2 Qf3+ $11) 31... h6 $1 $19) 20...
Nxf3 21. Kxf3 (21. Qxf3 $4 Nh4+ 22. Rxh4 Rxf3 23. Kxf3 e4+ $19 24. Nxe4 d5 25.
Ng5 Qf6+ 26. Kg2 dxc4 27. Nxh7 Qxh4 28. gxh4 Bxa1 $19) 21... e4+ 22. Nxe4 Bxa1
$1 (22... d5 $4 23. Bg5 $1 $16 dxe4+ 24. Kg2 Qxg5 25. Rxg5 Ne3+ 26. Kh3 Nxd1
27. Rxd1 $16) 23. Bg5 Ne7+ $1 24. Kg2 Be5 25. Rf4 Bxf4 26. gxf4 (26. Bxf4 $1 {
was a draw in fact! war tatsächlich Remis!} d5 (26... Rxf4 $5 27. Qa1+ Kg8 28.
gxf4 Qf8 29. Nf6+ Kh8 $11 30. cxd6 cxd6 31. Nh5+ (31. f5 $4 Qg7) 31... Kg8 32.
f5 gxf5 33. Nf6+ Kh8 $11) 27. Qa1+ (27. Qd4+ $4 Kg8 28. Bh6 Nf5 29. Qxd5 Qxd5
30. Bxd5 Nxh6 $17) 27... Kg8 28. Bh6 Nf5 29. e7 Qxe7 30. Bxd5+ Rf7 31. Bg5 (31.
Nf6+ Kh8 32. Nh5+ Kg8 $11) 31... Qf8 32. Qe5 h6 $15) 26... d5 27. f5 {A move
that complicates matters completely! The position is simply crazy now! Ein Zug,
der die Komplikationen auf die Spitze treibt! Die Stellung ist jetzt einfach
verrückt!} (27. Qa1+ d4 (27... Kg8 28. Bh6 Nf5 29. Bxf8 Qxf8 (29... dxc4 30.
Bd6 cxd6 (30... Ne3+ 31. Kf3 Nd5 32. Qe5 $1 $18) 31. Nf6+ Kh8 $11) 30. Nf6+ Kh8
31. Bxd5 (31. Nxd5+ Qg7 32. Qxg7+ Kxg7 $17) 31... Qg7 $15) 28. Nd6 h6 29. Bxh6
Kh7 30. Bxf8 Qxf8 31. Nf7 Nf5 $15) (27. Qd4+ Kg8 28. Nf6+ Rxf6 29. Qxf6 Qf8 $19
) 27... h6 $3 28. Qd4+ (28. fxg6 Qe8 $1 $19) (28. Qg4 hxg5 29. Qh3+ Kg7 30.
Qc3+ d4 $19) (28. Qa1+ Kh7 29. f6 dxc4 30. fxe7 Qd5 $19) (28. Bxh6 Nxf5 29.
Qa1+ $1 d4 (29... Kh7 $5 30. Bg5 Ne3+ $5 31. Kg1 Qc8 32. Bxe3 (32. Nf6+ Rxf6
33. Qxf6 Qh8 34. Qxh8+ Rxh8 35. Bb3 d4 $17) 32... dxe4 $19) 30. Bg5 Qe8 31. Kg1
b5 32. Bb3 Qc6 33. Qe1 Kg7 $17) 28... Kh7 $1 (28... Kg8 $4 {It was still
possible to lose by this move: MIt diesem Zug konnte man noch verlieren:} 29.
Bxe7 $18 Qxe7 30. f6 $1 $18) 29. fxg6+ Kxg6 30. Bxe7 Qxe7 31. Qxd5 (31. Bd3
Qxe6 32. Ng3+ Kf7 33. Bf5 Qe8 34. Qxd5+ Kg7 35. Qd4+ Rf6 36. Ne4 Qe7 $19) 31...
Rad8 {The rest is simple. Der Rest ist einfach.} 32. Qe5 Rf5 33. Qc3 Qg7 34.
Qg3+ Kh7 35. Qxg7+ Kxg7 36. Kg3 Rd4 0-1

[Event "EU-Cup 23rd"]
[Site "Kemer"]
[Date "2007.10.06"]
[Round "4.1"]
[White "Morozevich, Alexander"]
[Black "Radjabov, Teimour"]
[Result "1/2-1/2"]
[WhiteElo "2755"]
[BlackElo "2742"]
[Annotator "Rogozenco,D"]
[PlyCount "137"]
[EventDate "2007.10.03"]
[EventType "team-swiss"]
[EventRounds "7"]
[EventCountry "TUR"]
[SourceTitle "CBM 121"]
[Source "ChessBase"]
[SourceDate "2007.11.14"]
[SourceVersion "1"]
[SourceVersionDate "2007.11.14"]
[SourceQuality "1"]
[WhiteTeam "Tomsk 400"]
[BlackTeam "Ural Sverdlovskaya"]
[WhiteTeamCountry "RUS"]
[BlackTeamCountry "RUS"]

1. e4 c5 2. Nf3 Nc6 3. d4 cxd4 4. Nxd4 Nf6 5. Nc3 e5 6. Ndb5 d6 7. Bg5 a6 8.
Na3 b5 9. Nd5 Be7 10. Nxe7 ({During the last two years the line} 10. Bxf6 Bxf6
11. c4 b4 12. Nc2 a5 {has grown in popularity mainly thanks to the efforts of
Morozevich, who used a new plan in his World Championship game versus Leko in
2005. In the present game, Morozevich achieves a similar pawn structure from
another opening line, which he had actually used before several times as well.}
) 10... Nxe7 11. Bd3 (11. Qd3 Bb7 12. Bxf6 gxf6 13. O-O-O d5 14. exd5 Qxd5 $11
{1/2-1/2 Morozevich,A (2679)-Smirin,I (2656)/Biel 2003 (55)}) ({A few years
ago Anand gave the impulse for development of another plan:} 11. Bxf6 gxf6 12.
c4 {but Morozevich's concept in this game is different: he prefers to limit as
much as possible Black's counterplay.}) 11... Bb7 ({An year ago Morozevich
played a somewhat similar game: slowly he put Black under pressure, but also
failed to find anything decisive:} 11... Nd7 12. c4 b4 13. Nc2 a5 14. Ne3 f6
15. Bh4 O-O 16. O-O Nc5 17. f3 Be6 18. Re1 Qb8 19. Bf1 Kh8 20. Re2 Rc8 21. Rd2
Ra6 22. Rc1 Rac6 23. Bf2 Bf7 24. Nd5 Nxd5 25. cxd5 R6c7 26. Rdc2 $14 Be8 27. b3
Bd7 28. g4 Kg8 29. Qe2 Nb7 30. Rxc7 Rxc7 31. Rxc7 Qxc7 32. Qa6 Nc5 33. Qa8+ Kf7
34. h4 h6 35. Bc4 Be8 36. Be3 Ke7 37. g5 hxg5 38. hxg5 Kf7 {In spite of
Black's good defence, White made progress and could set more problems here.}
39. g6+ $1 (39. Kg2 Ke7 40. Kg3 Kf7 41. Kg4 Ke7 42. Kh4 Kf7 43. Kh3 Ke7 44. Kg2
Kf7 45. Bd2 Qb6 46. Be3 Qc7 {1/2-1/2 Morozevich,A (2747)-Carlsen,M (2698)/
Moscow 2006}) 39... Ke7 (39... Kxg6 $2 40. Qxe8+ $18) (39... Kf8 40. Bb5 $36)
40. Bb5 $1 Bxg6 (40... Bxb5 $2 41. Qg8 $18) 41. Qg8 $40) ({Black can change
the character of the position with} 11... d5 $5) 12. Qe2 Nd7 (12... Ng6 $5 13.
c4 h6 14. Bd2 O-O 15. O-O Rb8 $13 {1/2-1/2 Georgiev,K (2660)-Eljanov,P (2686)/
Sochi 2007 (44)}) 13. c4 (13. b4 f6 14. Bd2 f5 $13 {/=}) 13... b4 14. Nc2 a5
15. O-O {The position is close to equal, but in such a pawn structure Black
needs permanent patience since he has limited possibilities for activity.
Notice that the other line mentioned on move 10 leads to a similar pawn
structure, but in that case with the knight on d5 instead of the dark-squared
bishop White has more resources to fight for advantage. Nevertheless
Morozevich skillfully increases the pressure here too.} Nc5 16. f3 Qc7 (16...
O-O 17. Rfd1 Qc7 18. b3 Nc6 19. Rab1 a4 20. Qe1 axb3 21. axb3 Qb6 22. Be3 Ra2
23. Rd2 Rd8 24. Bf1 Qa5 25. Qd1 Qc7 26. Bf2 $11 {1/2-1/2 Timofeev,A (2657)
-Eljanov,P (2651)/Montreal 2006 (97)}) 17. Qd2 O-O 18. Ne3 {Unlike in the game
Timofeev-Eljanov (see 16...0-0). Morozevich refrains from playing b2-b3, which
would allow Black possibilities to play on the a-file with ...a4.} b3 {A
standard way to gain more space and eventually create a potential weakness on
b2 in different kinds of endgames.} 19. Rfd1 f6 20. Bh4 a4 (20... bxa2 21. Rxa2
Nb3 22. Qc3 Nd4 23. Nd5 $14) 21. a3 Nxd3 22. Qxd3 Rfd8 23. Rac1 Rac8 24. Qd2
Ba6 {The evaluation hasn't changed: White is only marginally better. However,
this tendency to defend permanently must be quite unpleasant for Black.} 25.
Bf2 h6 26. h4 Kh7 27. Qb4 Qc6 28. Rd3 Rb8 29. Qd2 Rbc8 30. h5 Kh8 31. g4 {
By gaining space on the kingside White would like first of all to keep this
part of the board closed for the moment.} Kh7 32. Kg2 (32. Rd1 Bxc4 33. Rxd6
Rxd6 34. Qxd6 Qxd6 35. Rxd6 Rc7 $11) 32... Rd7 {An understandable move - Black
would like to have the possibility to protect the pawn on d6 with the other
rook as well. But for that purpose, it was better to play 32...Rc7 in order to
keep the d7-square available for the queen's retreat after an eventual
exchange of knights on d5.} (32... Kh8 33. Qb4 (33. Nd5 $6 Nxd5 34. exd5 Qd7
$132 {[%csl Rc4][%cal Gf6f5]}) 33... Rc7 34. Rcd1 Rcd7 $14 {/=}) (32... Rc7 $14
{/=}) 33. Qb4 $1 (33. Nd5 {is too early:} Nxd5 34. exd5 Qb7 {and White
achieves nothing.}) 33... Kh8 {Another careless move, allowing White to
achieve a material advantage.} ({After} 33... Bb7 34. Rcd1 Rcd8 35. Nd5 Nxd5 (
35... Nc8 36. Nc3 Ba6 37. Nb5 $16) 36. cxd5 (36. exd5 $6 Qa6) 36... Qa6 37. Rc3
{White is clearly better, but it remains an open question if he can convert
his advantage.}) (33... Rdd8 34. Rcd1 $36 {[%csl Rd6]}) 34. Rcd1 {Missing the
rather unexpected chance.} ({After} 34. Nd5 $1 {Black loses material, since
the queen won't be able to retreat while keeping pawn on a4 protected:} Nxd5 (
34... Rcd8 35. Nb6 Rc7 (35... Rb7 36. Qa5 $18 {[%csl Ra6]}) 36. Qa5 Bb7 37.
Qxa4 $18) 35. exd5 {[%csl Ra4] and although Black will try to use the
opposite-coloured bishops to create counterplay, this was White's only real
attempt to play for a win.}) 34... Rcd8 35. Rc3 Rb7 36. Qa5 Ra8 37. Rcd3 Rd7
38. Qb4 Rad8 39. Kg3 (39. Nd5 {isn't working any longer due to the weakness of
the c4-pawn.} Nxd5 40. exd5 ({after} 40. cxd5 Qa8 41. R3d2 (41. Rc3 Rb8 {
[%csl Rb4]} 42. Qa5 $140 $2 Bf1+ $19) 41... Rb7 42. Qc3 Rc8 {Black takes
control over the c-file.}) 40... Qxc4) 39... Kh7 40. Rc3 (40. Rc1 Rc7 41. Qa5 (
41. Nd5 $6 Nxd5 42. exd5 Qd7 {[%csl Rc4]}) 41... Ra8 $11) 40... Rb7 41. Qa5 Ra8
$1 {Radjabov doesn't offer White the second chance for a convenient Ne3-d5.} (
41... Rbd7 $2 42. Nd5 Nxd5 43. exd5 $16 {[%csl Ra4]}) 42. c5 {Morozevich gives
up his attempts to increase the pressure and goes for simplifications, which
will lead to a draw.} dxc5 43. Rxc5 Qe8 44. Qc3 {White's edge is insignificant:
Black can easily protect the a4-pawn.} Rd8 45. Rxd8 Qxd8 46. Qa5 Qxa5 47. Rxa5
Bb5 48. Nd1 Nc6 49. Ra8 Rb8 50. Rxb8 Nxb8 $11 51. Nc3 Bc6 52. Ba7 Nd7 53. Kf2
Nf8 54. Ke2 g6 55. hxg6+ Kxg6 56. Kd3 Ne6 57. Be3 (57. Kc4 Ng5 $132) 57... h5
58. gxh5+ Kxh5 59. Kc4 Kh4 60. Nd5 Kg3 61. Nxf6 Kxf3 62. Bd2 Bxe4 63. Bc3 Bc6
64. Bxe5 Ke3 65. Ng8 Kd2 66. Ne7 Be8 67. Nd5 Kc2 68. Bf6 Bd7 69. Nb4+ 1/2-1/2

[Event "EU-chT (Men) 16th"]
[Site "Heraklion"]
[Date "2007.10.28"]
[Round "1.2"]
[White "Atalik, Suat"]
[Black "Radjabov, Teimour"]
[Result "0-1"]
[WhiteElo "2599"]
[BlackElo "2742"]
[Annotator "Krasenkow,M"]
[PlyCount "86"]
[EventDate "2007.10.28"]
[EventType "team-swiss"]
[EventRounds "9"]
[EventCountry "GRE"]
[SourceTitle "CBM 121"]
[Source "ChessBase"]
[SourceDate "2007.11.14"]
[SourceVersion "1"]
[SourceVersionDate "2007.11.14"]
[SourceQuality "1"]
[WhiteTeam "Turkey"]
[BlackTeam "Azerbaijan"]
[WhiteTeamCountry "TUR"]
[BlackTeamCountry "AZE"]

1. d4 Nf6 2. c4 g6 3. Nc3 Bg7 4. e4 d6 5. Bd3 O-O 6. Nge2 Nc6 7. O-O Nd7 8. Be3
e5 9. d5 Nd4 10. Bc2 Nxc2 11. Qxc2 f5 12. exf5 {After the exchange of White's
light-squared bishop he can't protect his centre passively:} (12. f3 {as
Black's attack after} f4 13. Bf2 g5 {[%cal Yh7h5,Yg5g4] is unstoppable.}) 12...
gxf5 13. f4 Nf6 (13... e4 $5 {is an interesting option with the idea to
transfer Black's knight to d3. Black did well in the following game:} 14. Bd4
Nc5 15. Bxg7 Kxg7 16. Nd1 $6 (16. b4 Nd3 17. Nc1 $1 $13 {is a simpler and
better way to get rid of this annoying knight}) 16... Qf6 17. Nf2 a5 18. Qc3
Bd7 19. Qxf6+ Kxf6 20. Nd4 Rfe8 21. Nd1 Nd3 22. Rb1 c5 $1 23. dxc6 bxc6 24. Nc3
a4 $17 {0-1 Adla,D-Georgiev,V/Nigran 1996/EXT 2003 (49)}) 14. h3 (14. Kh1 Ng4
15. Bg1 Bd7 16. Rf3 Kh8 17. Raf1 Qe7 18. Nd1 c5 19. h3 Nf6 20. fxe5 dxe5 21.
Ng3 f4 22. Ne4 Nxe4 23. Qxe4 Bf5 24. Qe2 Qd6 25. Nc3 b6 26. Ne4 Qg6 27. Re1 h5
$11 {1/2-1/2 Marin,M-Bouaziz,S/Calimanesti 1992/EXT 1998 (83)}) 14... Nh5 {
Energetically preventing White's manoeuvring.} (14... Bd7 15. Ng3 (15. Qd2 Qe8
16. a4 a6 17. Ng3 Qg6 18. Qf2 Rae8 19. Rae1 Rf7 20. a5 Bf8 21. Bd2 Rg7 22. Re3
h5 23. Nge2 h4 24. Kh2 Nh5 $36 {0-1 Olafsson,H-Khalifman,A/Wijk aan Zee 1991/
CBM 022 (70)}) 15... e4 (15... Qe8 16. Rf2 (16. Nxf5 $2 Bxf5 17. Qxf5 Nxd5)
16... Qg6 17. fxe5 $1 Qxg3 18. exf6 Qxe3 19. fxg7 $14) 16. Qd2 Qe8 17. Bd4 Qg6
18. Nge2 a6 19. Rac1 Kh8 20. Nd1 Rf7 21. Ne3 {[%csl Gd4,Ge3]} Rg8 22. Rf2 $14 {
1/2-1/2 Gonzalez Velez,F-Torrecillas Martinez,A/Salamanca 1998/EXT 1999 (32)})
15. Qd2 (15. c5 {is not dangerous:} Rf7 (15... b6 $5 16. c6 a5 {1/2-1/2
Brenninkmeijer,J-Piket,J/Netherlands 1995/CBM 048}) (15... exf4 16. Nxf4 Nxf4
17. Bxf4 (17. Rxf4 $5 Be5 18. Qf2 Bxf4 19. Bxf4 $44) 17... Bd4+ 18. Kh2 Bxc5
19. Rf3 Rf7 (19... Bd7 $5) 20. Rg3+ Rg7 21. Rxg7+ Kxg7 22. Na4 Bd4 23. Rc1 $14
{1/2-1/2 Seirawan,Y-Van Wely,L/Wijk aan Zee 1995/CBM 045 (75)}) 16. Qd2 Bd7 17.
Rad1 Qf8 18. Qe1 $6 (18. cxd6 $13) 18... dxc5 19. fxe5 Bxe5 20. Qh4 Ng7 21. Bf4
Qd6 22. Rf3 Re8 23. Bxe5 Qxe5 24. Qc4 Qd6 25. Nf4 a5 26. Rdf1 Rfe7 $15 {
0-1 Peng,Z-Foisor,C/Kishinev 1995/EXT 1997 (33)}) 15... Bd7 16. Rf3 {White
wants to provoke ...e5-e4; Black resists.} Qe7 17. Raf1 Rae8 18. b4 b6 19. Nb5
$5 Bxb5 20. cxb5 {Now Black's f5-pawn is really hanging but ...e5-e4 is
already satisfactory for him as he has got rid of his "bad" bishop, weakening
White's d5-pawn in the meantime.} Qd7 21. a4 Nf6 22. Nc3 (22. fxe5 Ne4 {
[%cal Yd6e5]}) 22... e4 23. Rg3 h6 24. Bd4 Kh7 25. Ne2 Rf7 26. Rc1 Ree7 27. Rc6
{Looks powerful but White can't increase his pressure on the queenside. It is
well-known that doubled pawns, sometimes good in defence, are absolutely
useless in attack!} Qe8 28. Bxf6 $6 {A wrong evaluation. The resulting
position will be quite poor for White.} (28. Ra3 {[%cal Ye2g3,Ya4a5]}) 28...
Bxf6 29. Qc2 h5 30. h4 $6 {Starting a wrong plan but I don't see equality
anymore. For instance:} (30. Rc4 h4 31. Re3 Rg7 32. Nd4 Bxd4 33. Rxd4 Qf7 $36 {
[%cal Ye7e8,Ye8g8,Yf7f6] White has two weaknesses: his kingside and d-pawn. So
he is in big danger.}) 30... Qf8 31. Qc4 Rg7 32. Rg5 $5 {An interesting but
insufficient exchange sacrifice.} Bxg5 33. hxg5 (33. fxg5 e3 34. Nd4 e2 $1 35.
Nxe2 Re4) 33... e3 34. Qc2 $2 {White loses without a fight.} (34. Nd4 $1 {
, activating the knight, was his only chance:} Re4 ({or} 34... e2 $5 35. Nxe2
Re4 $17) 35. Ne6 Qh8 $1 36. Qe2 Kg6 37. Rc4 (37. Nxg7 Qxg7 $17) 37... Rxc4 38.
Qxc4 Re7 39. Qd3 {with some drawing chances due to his strong knight}) 34...
Qf7 35. Qd3 h4 36. Rc4 Kg8 37. Kf1 h3 $1 38. gxh3 Qh5 39. Ng1 Qh4 40. Qe2 Qg3
41. h4 Rh7 42. Nf3 Re4 43. Rc3 Rxh4 0-1

[Event "EU-chT (Men) 16th"]
[Site "Heraklion"]
[Date "2007.10.29"]
[Round "2.2"]
[White "Radjabov, Teimour"]
[Black "Cheparinov, Ivan"]
[Result "1/2-1/2"]
[WhiteElo "2742"]
[BlackElo "2670"]
[Annotator "Ftacnik,L"]
[PlyCount "67"]
[EventDate "2007.10.28"]
[EventType "team-swiss"]
[EventRounds "9"]
[EventCountry "GRE"]
[SourceTitle "CBM 121"]
[Source "ChessBase"]
[SourceDate "2007.11.14"]
[SourceVersion "1"]
[SourceVersionDate "2007.11.14"]
[SourceQuality "1"]
[WhiteTeam "Azerbaijan"]
[BlackTeam "Bulgaria"]
[WhiteTeamCountry "AZE"]
[BlackTeamCountry "BUL"]

1. e4 c5 2. Nf3 d6 3. d4 cxd4 4. Nxd4 Nf6 5. Nc3 a6 6. Bg5 e6 7. f4 Be7 8. Qf3
Qc7 9. O-O-O Nbd7 10. g4 b5 11. Bxf6 Nxf6 12. g5 Nd7 13. f5 Bxg5+ 14. Kb1 O-O
$5 {Black seems to face a real problem in this particular line. White is
better developed so the immediate battle should end favourably for him.} 15.
fxe6 Nb6 16. Nd5 Nxd5 17. exd5 fxe6 (17... Bf6 18. Bd3 $3 (18. Qe3 Qc5 19. Bg2
Bb7 20. Rhf1 fxe6 21. Qxe6+ Kh8 22. Qf5 g6 23. Qe4 Bxd4 24. Rxd4 Rxf1+ 25. Bxf1
Rf8 {0-1 Bobras,P (2394)-Ftacnik,L (2589)/Koszalin 1999 (63)}) 18... Bxd4 (
18... fxe6 19. Nxe6 Bxe6 20. dxe6 $16) 19. Bxh7+ Kxh7 20. Rxd4 Kg8 21. Rh4 fxe6
(21... Bxe6 22. Qh5 $18) 22. Qh3 Rf5 $8 (22... Rf6 23. Rh8+ Kf7 24. Qh5+ $18) (
22... Rf2 23. Rh8+ Kf7 24. Qh5+ $18) 23. Rh8+ Kf7 24. Rg1 $1 Qc4 (24... Bb7 25.
Rxg7+ Kxg7 26. Qh6+ Kf7 27. Rh7+ Kg8 28. Qg6+ Kf8 29. Rh8+ Ke7 30. Qxe6#) (
24... Qc5 25. Rxg7+ Kxg7 (25... Kf6 26. Rf8+ Ke5 (26... Kxg7 27. Qh8+ Kg6 28.
Rg8+ Kf7 29. Qg7#) 27. Rxf5+ exf5 28. Re7+ Kxd5 29. Qf3+ Kc4 30. Qb3+ Kd4 31.
Qd3#) 26. Qh6+ Kf7 27. Rf8+ Ke7 28. Qg7+) 25. Rxg7+ Kf6 26. Rg1 $1 {1-0
Kotronias,V (2570)-Djurhuus,R (2495)/Gausdal 1995/ (38)}) 18. Qg4 (18. Qh5 e5 (
18... Bf6 19. Nxe6 Bxe6 20. dxe6 g6 21. Qd5 $16 {1/2 Carlsson,P (2435)
-Backmann,M (2110)/Stockholm 2005 (46)}) 19. Bd3 Bh6 20. Rhf1 Bd7 21. Ne6 Bxe6
22. dxe6 Qe7 23. Be4 Rxf1 24. Rxf1 Rf8 25. Rxf8+ Qxf8 $11 {1/2 Cao Sang (2468)
-Ruck,R (2489)/Budapest 2000 (49)}) 18... e5 19. Qxg5 exd4 20. Bd3 g6 {[%mdl 4]
There are no miracles in chess, Black faces well known problems. The kingside
is vulnerable and real compenastion for the suffering is nowhere to be seen..}
(20... Ra7 21. Rhg1 Qf7 22. Rdf1 Qe8 23. Re1 Qd7 24. h4 Kh8 25. Qh5 g5 26. hxg5
{1-0 Langheinrich,F (2325)-Lutz,C (2591)/Bad Zwesten 2000 (34)}) 21. h4 (21.
Rhf1 $5 Bb7 22. Rfe1 Rf7 23. Be4 $14) (21. Rhe1 Ra7 22. b4 Qd8 {1/2 Pavlovic,M
(2497)-Arsovic,G (2437)/Banja Koviljaca 2002}) 21... Bf5 22. h5 Bxd3 23. cxd3 (
23. Rxd3 $5 Rf5 24. Qg4 Qd7 25. Rxd4 Raf8 26. Rdd1 g5 27. Rhe1 $16) 23... Rf2
24. Rc1 (24. Rd2 Rxd2 25. Qxd2 Qf7 $14) 24... Qf7 25. Rcg1 $2 {Radjabov means
well with this aggressive move, but the method is faulty. White entertains
better prospects after the natural exchange on g6.} (25. hxg6 $1 Qxg6 26. Qh4
Rg2 (26... Qxd3+ 27. Ka1 Rf7 28. Qg4+ Qg6 (28... Kh8 29. Rc8+ Rxc8 30. Qxc8+
Kg7 31. Rg1+ $18) 29. Qxd4 $16) 27. Qxd4 $16) 25... Qf5 26. Qxf5 (26. Qg3 g5
27. Qxg5+ Qxg5 28. Rxg5+ Kf7 $11) 26... Rxf5 27. hxg6 h5 $1 {This clever idea
ends all the problems; White has to hurry in order to keep the balance.} 28.
Re1 (28. Rh4 Raf8 29. Rxd4 Kg7 $15) 28... Rxd5 29. Re7 Rf8 30. Rh7 Rf6 31.
R1xh5 Rxh5 32. Rxh5 Rxg6 33. Rd5 Kf7 34. Rxd4 1/2-1/2